00355nam a2200133 450000500170000002000180001708200150003508400250005010000160007524500700009126000350016130000100019670000150020620260420110507.0 a9781032599298 a550bMIS.G 2Colon Classification aMishra, O P aGeophysical methods:bFundamentals, applications and case studies aBoca Raton:bCRC press;c2025. a559p. aD C Naskar